UBT Library

Aging and communication / (Record no. 39257)

000 -LEADER
fixed length control field 00604cam a2200229 i 4500
001 - CONTROL NUMBER
control field 2233581
005 - DATE AND TIME OF LATEST TRANSACTION
control field 20171221034537.0
008 - FIXED-LENGTH DATA ELEMENTS--GENERAL INFORMATION
fixed length control field 760419s1976 mdu b 001 0 eng
010 ## - LIBRARY OF CONGRESS CONTROL NUMBER
LC control number 76014991
020 ## - INTERNATIONAL STANDARD BOOK NUMBER
International Standard Book Number 083910894X
040 ## - CATALOGING SOURCE
Original cataloging agency DLC
Transcribing agency DLC
Modifying agency DLC
041 ## - LANGUAGE CODE
Language code of text/sound track or separate title eng
060 ## - NATIONAL LIBRARY OF MEDICINE CALL NUMBER
Classification number WT104 A267
080 ## - UNIVERSAL DECIMAL CLASSIFICATION NUMBER
Universal Decimal Classification number 301.435 OYE
082 00 - DEWEY DECIMAL CLASSIFICATION NUMBER
Classification number 301.435 OYE
100 ## - Rafti
Rafti 46
101 ## - Shkurtesa
Shkurtesa EDU
245 00 - TITLE STATEMENT
Title Aging and communication /
Statement of responsibility, etc edited by Herbert J. Oyer and E. Jane Oyer.
504 ## - BIBLIOGRAPHY, ETC. NOTE
Bibliography, etc Includes bibliographies and index.
906 ## - LOCAL DATA ELEMENT F, LDF (RLIN)
a 7
b cbc
c orignew
d 1
e ocip
f 19
g y-gencatlg
942 ## - ADDED ENTRY ELEMENTS (KOHA)
Source of classification or shelving scheme
Item type Books
Holdings
Withdrawn status Lost status Source of classification or shelving scheme Damaged status Not for loan Collection code Permanent location Current location Shelving location Date acquired Total Checkouts Full call number Barcode Date last seen Price effective from Koha item type
          Koleksioni i përgjithshem UBT - Lipjan UBT - Lipjan Koleksioni i përgjithshem 12/21/2017   301.435 OYE 002-29532 12/21/2017 12/21/2017 Books
UBT Library © 2015-2024. All rights reserved University Education for Business and Technology